[Event "Olomouc Chess Summer 2022 - B1"]
[Site "Olomouc (CZE), Hotel Flora"]
[Date "2022.08.14"]
[Round "2"]
[Board "4"]
[White "Lalic, Bogdan"]
[Black "Kukelko, Alexey"]
[Result "1/2-1/2"]
[WhiteElo "2415"]
[BlackElo "2260"]
[PlyCount "0"]
[EventDate "2022.08.13"]
[EventRounds "9"]
[EventCountry "CZE"]

1. c4 e6 2. Nc3 d5 3. d4 c6 4. e3 Nf6 5. Nf3 Nbd7 6. Qc2 Bd6 7. Bd3 O-O 8. O-O
dxc4 9. Bxc4 e5 10. h3 Qe7 11. Bb3 Re8 12. Ng5 Rf8 13. Nf3 Re8 14. Ng5  1/2-1/2

[Event "Olomouc Chess Summer 2022 - B1"]
[Site "Olomouc (CZE), Hotel Flora"]
[Date "2022.08.14"]
[Round "2"]
[Board "5"]
[White "Poschadel, Andreas Gregor"]
[Black "Stinka, Jakub"]
[Result "0-1"]
[WhiteElo "2073"]
[BlackElo "2329"]
[PlyCount "0"]
[EventDate "2022.08.13"]
[EventRounds "9"]
[EventCountry "CZE"]

1. e4 {[%clk 1:30:55]} c5 {[%clk 1:30:49]} 2. Nf3 {[%clk 1:31:18]} d6
{[%clk 1:31:12]} 3. d4 {[%clk 1:31:42]} cxd4 {[%clk 1:31:34]} 4. Nxd4
{[%clk 1:32:06]} Nf6 {[%clk 1:31:54]} 5. Nc3 {[%clk 1:32:32]} Nc6
{[%clk 1:32:14]} 6. f3 {[%clk 1:32:55]} e5 {[%clk 1:32:07]} 7. Nb3
{[%clk 1:33:19]} Be7 {[%clk 1:32:21]} 8. Be3 {[%clk 1:33:43]} O-O
{[%clk 1:32:22]} 9. Qd2 {[%clk 1:34:00]} a5 {[%clk 1:32:19]} 10. Bb5
{[%clk 1:32:55]} Be6 {[%clk 1:28:19]} 11. O-O-O {[%clk 1:33:07]} Nb4
{[%clk 1:22:35]} 12. a3 {[%clk 1:21:31]} Qc7 {[%clk 1:14:44]} 13. Kb1
{[%clk 1:08:37]} d5 {[%clk 1:08:03]} 14. axb4 {[%clk 0:48:54]} d4
{[%clk 1:06:06]} 15. Nxd4 {[%clk 0:42:16]} exd4 {[%clk 1:04:26]} 16. Qxd4
{[%clk 0:38:33]} axb4 {[%clk 1:00:39]} 17. Na4 {[%clk 0:37:22]} Ra5
{[%clk 0:48:17]} 18. Qd3 {[%clk 0:31:40]} Qe5 {[%clk 0:46:03]} 19. c4
{[%clk 0:24:09]} bxc3 {[%clk 0:42:03]} 20. Nxc3 {[%clk 0:24:07]} Bb3
{[%clk 0:39:49]} 21. Bb6 {[%clk 0:20:15]} Raa8 {[%clk 0:37:56]} 22. Rde1
{[%clk 0:14:15]} Bb4 {[%clk 0:32:26]} 23. f4 {[%clk 0:04:00]} Qe6
{[%clk 0:29:42]} 24. Bd4 {[%clk 0:02:09]} Rfd8 {[%clk 0:28:48]} 25. f5
{[%clk 0:01:54]} Ba2+ {[%clk 0:27:29]} 26. Kc1 {[%clk 0:01:30]} Qb3
{[%clk 0:27:00]} 27. Qd1 {[%clk 0:00:34]} Qxd1+ {[%clk 0:24:46]} 28. Rxd1
{[%clk 0:00:52]} Bb3 {[%clk 0:25:00]} 29. Rd3 {[%clk 0:00:33]} Bxc3
{[%clk 0:21:55]} 30. bxc3 {[%clk 0:00:38]} Ra1+ {[%clk 0:21:49]} 31. Kb2
{[%clk 0:01:04]} Rxh1 {[%clk 0:22:13]} 32. Bxf6 {[%clk 0:00:34]} Rxd3
{[%clk 0:22:04]} 33. Bxd3 {[%clk 0:01:03]} gxf6 {[%clk 0:21:57]} 34. Kxb3
{[%clk 0:01:32]} Rxh2 {[%clk 0:22:20]} 35. g4 {[%clk 0:01:02]} Rg2
{[%clk 0:22:14]} 36. Bc4 {[%clk 0:01:25]} Rxg4 {[%clk 0:21:41]} 37. Bd5
{[%clk 0:01:55]} b6 {[%clk 0:21:58]} 38. Kb4 {[%clk 0:01:53]} Rg1
{[%clk 0:22:07]} 39. Kb5 {[%clk 0:02:15]} Rb1+ {[%clk 0:22:22]} 40. Kc6
{[%clk 0:02:41]} Kf8 {[%clk 0:22:18]} 41. Kd6 {[%clk 0:02:33]} h5
{[%clk 0:21:46]} 42. e5 {[%clk 0:02:59]} Rd1 {[%clk 0:20:56]} 43. exf6
{[%clk 0:02:19]} h4 {[%clk 0:21:07]} 44. c4 {[%clk 0:02:42]} h3 {[%clk 0:21:18]}
45. Kc7 {[%clk 0:03:02]} Rxd5 {[%clk 0:20:17]} 46. cxd5 {[%clk 0:03:29]} h2
{[%clk 0:20:41]} 47. d6 {[%clk 0:03:51]} h1=Q {[%clk 0:21:05]} 48. d7
{[%clk 0:04:09]} Qd5 {[%clk 0:21:13]} 49. d8=Q+ {[%clk 0:04:11]} Qxd8+
{[%clk 0:21:36]} 50. Kxd8 {[%clk 0:04:36]} b5 {[%clk 0:22:02]} 51. Kd7
{[%clk 0:05:01]} b4 {[%clk 0:22:28]} 52. Kd6 {[%clk 0:05:31]} b3 {[%clk 0:22:53]}
53. Kd5 {[%clk 0:05:53]} b2 {[%clk 0:23:19]} 54. Ke4 {[%clk 0:06:17]} b1=Q+
{[%clk 0:23:41]} 55. Kd4 {[%clk 0:06:39]}  0-1

[Event "Olomouc Chess Summer 2022 - B1"]
[Site "Olomouc (CZE), Hotel Flora"]
[Date "2022.08.14"]
[Round "3"]
[Board "1"]
[White "Stinka, Jakub"]
[Black "Jurek, Josef"]
[Result "1/2-1/2"]
[WhiteElo "2329"]
[BlackElo "2212"]
[PlyCount "0"]
[EventDate "2022.08.13"]
[EventRounds "9"]
[EventCountry "CZE"]

1. d4 {[%clk 1:30:52]} Nf6 {[%clk 1:30:46]} 2. Nf3 {[%clk 1:31:15]} e6
{[%clk 1:30:50]} 3. c4 {[%clk 1:31:37]} b6 {[%clk 1:30:51]} 4. a3
{[%clk 1:31:57]} Ba6 {[%clk 1:30:43]} 5. Qc2 {[%clk 1:32:19]} c5 {[%clk 1:30:16]}
6. d5 {[%clk 1:32:25]} exd5 {[%clk 1:29:59]} 7. cxd5 {[%clk 1:32:50]} g6
{[%clk 1:29:45]} 8. Nc3 {[%clk 1:32:30]} Bg7 {[%clk 1:28:43]} 9. g3
{[%clk 1:32:52]} O-O {[%clk 1:27:23]} 10. Bg2 {[%clk 1:33:06]} d6
{[%clk 1:26:59]} 11. O-O {[%clk 1:33:28]} Nbd7 {[%clk 1:24:49]} 12. Re1
{[%clk 1:32:00]} b5 {[%clk 1:22:15]} 13. h3 {[%clk 1:28:19]} Qb6 {[%clk 1:19:54]}
14. e4 {[%clk 1:26:28]} Rfe8 {[%clk 1:18:20]} 15. Be3 {[%clk 1:24:05]} Bb7
{[%clk 1:13:56]} 16. Nd2 {[%clk 1:13:28]} a6 {[%clk 1:10:31]} 17. a4
{[%clk 1:06:39]} b4 {[%clk 1:04:43]} 18. a5 {[%clk 0:55:48]} Qc7 {[%clk 0:56:43]}
19. Ncb1 {[%clk 0:54:28]} Ne5 {[%clk 0:50:55]} 20. f4 {[%clk 0:50:41]} Ned7
{[%clk 0:46:04]} 21. Nc4 {[%clk 0:48:23]} Nh5 {[%clk 0:39:46]} 22. g4
{[%clk 0:43:18]} Nhf6 {[%clk 0:39:50]} 23. Nbd2 {[%clk 0:42:35]} h6
{[%clk 0:39:15]} 24. Rad1 {[%clk 0:40:06]} Rad8 {[%clk 0:36:49]} 25. Nb3
{[%clk 0:33:49]} Nh7 {[%clk 0:35:25]} 26. Bf2 {[%clk 0:25:51]} g5
{[%clk 0:30:41]} 27. Bg3 {[%clk 0:24:22]} gxf4 {[%clk 0:28:42]} 28. Bxf4
{[%clk 0:24:46]} Ne5 {[%clk 0:26:22]} 29. Nbd2 {[%clk 0:20:00]} Nf8
{[%clk 0:24:13]} 30. Nxe5 {[%clk 0:15:17]} Bxe5 {[%clk 0:20:33]} 31. Bxh6
{[%clk 0:14:40]} Bd4+ {[%clk 0:16:03]} 32. Kh1 {[%clk 0:14:54]} Ng6
{[%clk 0:15:18]} 33. Nc4 {[%clk 0:09:13]} Qe7 {[%clk 0:12:08]} 34. Qd2
{[%clk 0:06:49]} Bc8 {[%clk 0:10:49]} 35. Rf1 {[%clk 0:05:38]} Bxg4
{[%clk 0:09:11]} 36. Rde1 {[%clk 0:03:58]} Bd7 {[%clk 0:07:01]}  1/2-1/2

[Event "Olomouc Chess Summer 2022 - B1"]
[Site "Olomouc (CZE), Hotel Flora"]
[Date "2022.08.14"]
[Round "3"]
[Board "2"]
[White "Kukelko, Alexey"]
[Black "Poschadel, Andreas Gregor"]
[Result "1-0"]
[WhiteElo "2260"]
[BlackElo "2073"]
[PlyCount "0"]
[EventDate "2022.08.13"]
[EventRounds "9"]
[EventCountry "CZE"]

1. e4 {[%clk 1:18:24]} c6 {[%clk 1:30:55]} 2. c4 {[%clk 1:13:59]} d5
{[%clk 1:31:12]} 3. exd5 {[%clk 1:14:11]} cxd5 {[%clk 1:31:34]} 4. cxd5
{[%clk 1:14:01]} Nf6 {[%clk 1:31:54]} 5. Bb5+ {[%clk 1:13:29]} Bd7
{[%clk 1:27:30]} 6. Bc4 {[%clk 1:10:29]} b5 {[%clk 1:26:13]} 7. Bb3
{[%clk 1:10:43]} Bg4 {[%clk 1:25:00]} 8. Nf3 {[%clk 1:06:08]} Nbd7
{[%clk 1:14:51]} 9. d4 {[%clk 1:04:06]} Nb6 {[%clk 1:12:32]} 10. Qd3
{[%clk 1:04:10]} a6 {[%clk 1:09:08]} 11. Ne5 {[%clk 0:59:03]} Nbxd5
{[%clk 0:53:59]} 12. a4 {[%clk 0:49:21]} b4 {[%clk 0:47:24]} 13. a5
{[%clk 0:46:56]} Qd6 {[%clk 0:32:03]} 14. Bg5 {[%clk 0:35:36]} Bd7
{[%clk 0:11:54]} 15. Nxd7 {[%clk 0:31:04]} Nxd7 {[%clk 0:07:50]} 16. Nd2
{[%clk 0:31:22]} e6 {[%clk 0:05:08]} 17. O-O {[%clk 0:25:11]} N5f6
{[%clk 0:02:25]} 18. Ba4 {[%clk 0:22:55]} Qd5 {[%clk 0:00:53]} 19. Bxf6
{[%clk 0:22:02]} gxf6 {[%clk 0:01:21]} 20. Nc4 {[%clk 0:21:38]} Bc5
{[%clk 0:01:21]} 21. Ne3 {[%clk 0:17:44]} Qd6 {[%clk 0:01:05]} 22. Qe4
{[%clk 0:17:51]} Rc8 {[%clk 0:00:32]} 23. dxc5 {[%clk 0:18:10]} Qxc5
{[%clk 0:00:33]} 24. Rfd1 {[%clk 0:18:22]} Rd8 {[%clk 0:00:44]} 25. Bxd7+
{[%clk 0:18:21]} Kf8 26. Bxe6 {[%clk 0:17:54]} Rxd1+ {[%clk 0:00:46]} 27. Rxd1
{[%clk 0:18:23]} fxe6 {[%clk 0:01:08]} 28. Rd8+ {[%clk 0:18:25]} Kg7
{[%clk 0:01:24]} 29. Qg4+ {[%clk 0:18:51]} Qg5 {[%clk 0:01:43]} 30. Qxg5+
{[%clk 0:19:10]} fxg5 {[%clk 0:02:11]} 31. Rxh8 {[%clk 0:19:36]} Kxh8
{[%clk 0:02:33]} 32. Nc2 {[%clk 0:20:04]}  1-0

[Event "Olomouc Chess Summer 2022 - B1"]
[Site "Olomouc (CZE), Hotel Flora"]
[Date "2022.08.14"]
[Round "3"]
[Board "4"]
[White "Gimenez Menchon, Cesar"]
[Black "Nagy, Ladislav"]
[Result "1-0"]
[WhiteElo "2205"]
[BlackElo "2194"]
[PlyCount "145"]
[EventDate "2022.08.13"]
[EventRounds "9"]
[EventCountry "CZE"]

1. e4 c5 2. c3 d5 3. exd5 Qxd5 4. d4 e6 5. Nf3 Nf6 6. Na3 Nc6 7. Be3 cxd4 8.
Nb5 Qd8 9. Nbxd4 Nd5 10. Bd2 Nxd4 11. Nxd4 Bc5 12. Bd3 O-O 13. Qc2 h6 14. Nb3
Be7 15. O-O-O Qb6 16. Kb1 Bd7 17. Bc1 Ba4 18. Rhe1 Bf6 19. Re4 Bxb3 20. axb3
Rac8 21. Bc4 Rfd8 22. Rg4 h5 23. Re4 a5 24. Bxd5 exd5 25. Be3 Qc7 26. Rf4 d4
27. Rxf6 dxe3 28. Rf3 Rxd1+ 29. Qxd1 Rd8 30. Qe2 exf2 31. Qxf2 Rd1+ 32. Kc2 Rd7
33. Qe2 Re7 34. Re3 Rxe3 35. Qxe3 Qxh2 36. Qe8+ Kh7 37. Qe4+ g6 38. Qxb7 Qf4
39. Kb1 h4 40. Ka2 a4 41. Qd5 axb3+ 42. Kxb3 g5 43. c4 Qe3+ 44. Kb4 Qb6+ 45.
Kc3 Qf6+ 46. Kb3 Qb6+ 47. Ka3 Qa7+ 48. Kb4 Qb6+ 49. Kc3 Qf6+ 50. Qd4 Qc6 51.
Qf2 Kg6 52. c5 g4 53. Kb4 Qe4+ 54. Ka5 g3 55. Qd2 h3 56. Qd6+ Kh7 57. Qxg3 hxg2
58. Qh2+ Kg6 59. b4 Qg4 60. Qg1 Qf3 61. Qd4 Qf1 62. Qg4+ Kf6 63. Qd4+ Kf5 64.
Qd5+ Kg4 65. Qe4+ Kg3 66. Qe3+ Qf3 67. Qe5+ Kf2 68. Qb2+ Qe2 69. Qf6+ Ke1 70.
Qc3+ Kd1 71. Qd4+ Ke1 72. c6 Qc2 73. Qg1+  1-0

[Event "Olomouc Chess Summer 2022 - B1"]
[Site "Olomouc (CZE), Hotel Flora"]
[Date "2022.08.14"]
[Round "3"]
[Board "5"]
[White "Nytra, Ondrej"]
[Black "Kusa, Jakub"]
[Result "1-0"]
[WhiteElo "2202"]
[BlackElo "2373"]
[PlyCount "0"]
[EventDate "2022.08.13"]
[EventRounds "9"]
[EventCountry "CZE"]

1. e4 {[%clk 1:30:26]} e5 {[%clk 1:30:53]} 2. Nf3 {[%clk 1:30:52]} Nc6
{[%clk 1:31:18]} 3. Bc4 {[%clk 1:31:19]} Bc5 {[%clk 1:31:35]} 4. c3
{[%clk 1:31:43]} Nf6 {[%clk 1:31:53]} 5. d3 {[%clk 1:32:11]} d6 {[%clk 1:31:38]}
6. O-O {[%clk 1:32:29]} Bb6 {[%clk 1:31:26]} 7. a4 {[%clk 1:32:44]} a5
{[%clk 1:30:23]} 8. Be3 {[%clk 1:32:34]} Bxe3 {[%clk 1:29:28]} 9. fxe3
{[%clk 1:32:59]} O-O {[%clk 1:28:43]} 10. Nbd2 {[%clk 1:33:11]} Qe7
{[%clk 1:26:05]} 11. Qe1 {[%clk 1:29:50]} Be6 {[%clk 1:22:59]} 12. Nh4
{[%clk 1:28:10]} Bxc4 {[%clk 1:20:03]} 13. Nf5 {[%clk 1:28:13]} Qe6
{[%clk 1:17:59]} 14. Nxc4 {[%clk 1:26:18]} Ne7 {[%clk 1:13:02]} 15. Qg3
{[%clk 1:22:31]} Nxf5 {[%clk 1:01:42]} 16. exf5 {[%clk 1:22:38]} Qd5
{[%clk 0:55:57]} 17. e4 {[%clk 1:23:04]} Qc5+ {[%clk 0:55:39]} 18. Kh1
{[%clk 1:19:29]} Rfe8 {[%clk 0:54:38]} 19. Qe3 {[%clk 1:15:55]} Qc6
{[%clk 0:49:26]} 20. Nd2 {[%clk 0:49:53]} d5 {[%clk 0:48:11]} 21. g4
{[%clk 0:44:46]} dxe4 {[%clk 0:44:52]} 22. Nxe4 {[%clk 0:44:09]} Nd5
{[%clk 0:42:44]} 23. Qg3 {[%clk 0:36:06]} Rad8 {[%clk 0:35:54]} 24. Rae1
{[%clk 0:33:27]} f6 {[%clk 0:29:05]} 25. g5 {[%clk 0:33:34]} fxg5
{[%clk 0:28:43]} 26. Qxg5 {[%clk 0:33:11]} Nf6 {[%clk 0:28:54]} 27. Rg1
{[%clk 0:33:05]} Re7 {[%clk 0:25:47]} 28. Qxf6 {[%clk 0:33:10]} Qxf6
{[%clk 0:25:34]} 29. Nxf6+ {[%clk 0:33:34]} Kf7 {[%clk 0:26:01]} 30. Ng4
{[%clk 0:32:55]}  1-0

[Event "Olomouc Chess Summer 2022 - B1"]
[Site "Olomouc (CZE), Hotel Flora"]
[Date "2022.08.15"]
[Round "4"]
[Board "1"]
[White "Jurek, Josef"]
[Black "Kusa, Jakub"]
[Result "0-1"]
[WhiteElo "2212"]
[BlackElo "2373"]
[PlyCount "0"]
[EventDate "2022.08.13"]
[EventRounds "9"]
[EventCountry "CZE"]

1. Nf3 {[%clk 1:30:52]} e6 {[%clk 1:30:43]} 2. g3 {[%clk 1:29:53]} d5
{[%clk 1:30:56]} 3. Bg2 {[%clk 1:30:01]} Nf6 {[%clk 1:30:43]} 4. O-O
{[%clk 1:29:44]} c5 {[%clk 1:30:34]} 5. d3 {[%clk 1:25:37]} Nc6 {[%clk 1:30:10]}
6. Nbd2 {[%clk 1:25:53]} Be7 {[%clk 1:29:29]} 7. e4 {[%clk 1:26:02]} O-O
{[%clk 1:28:42]} 8. Re1 {[%clk 1:25:36]} Qc7 {[%clk 1:25:29]} 9. e5
{[%clk 1:25:05]} Nd7 {[%clk 1:25:16]} 10. Qe2 {[%clk 1:25:12]} b5
{[%clk 1:24:16]} 11. h4 {[%clk 1:24:14]} b4 {[%clk 1:22:23]} 12. Nf1
{[%clk 1:22:53]} a5 {[%clk 1:11:41]} 13. Bf4 {[%clk 1:22:26]} Ba6
{[%clk 1:09:26]} 14. Ng5 {[%clk 1:06:15]} Nd4 {[%clk 0:43:34]} 15. Qh5
{[%clk 1:05:57]} Bxg5 {[%clk 0:41:19]} 16. hxg5 {[%clk 1:04:39]} Nxc2
{[%clk 0:40:21]} 17. Ne3 {[%clk 0:58:55]} Nxe1 {[%clk 0:37:55]} 18. Rxe1
{[%clk 0:56:56]} Bxd3 {[%clk 0:37:53]} 19. Nxd5 {[%clk 0:55:01]} exd5
{[%clk 0:37:21]} 20. e6 {[%clk 0:55:05]} Qc6 {[%clk 0:36:12]} 21. exd7
{[%clk 0:53:47]} Qxd7 {[%clk 0:36:02]} 22. Re5 {[%clk 0:50:02]} Be4
{[%clk 0:32:42]} 23. Bxe4 {[%clk 0:46:16]} dxe4 {[%clk 0:33:00]} 24. Rxc5
{[%clk 0:43:22]} Rfd8 {[%clk 0:31:53]} 25. Kg2 {[%clk 0:37:35]} Qd1
{[%clk 0:31:22]} 26. Qxd1 {[%clk 0:37:16]} Rxd1 {[%clk 0:31:47]} 27. Bc7
{[%clk 0:35:56]} Rd2 {[%clk 0:30:54]} 28. Re5 {[%clk 0:35:25]} a4
{[%clk 0:28:45]} 29. Rxe4 {[%clk 0:34:46]} Rxb2 {[%clk 0:27:35]} 30. Bd6
{[%clk 0:34:49]} b3 {[%clk 0:27:10]}  0-1

[Event "Olomouc Chess Summer 2022 - B1"]
[Site "Olomouc (CZE), Hotel Flora"]
[Date "2022.08.15"]
[Round "4"]
[Board "3"]
[White "Lalic, Bogdan"]
[Black "Gimenez Menchon, Cesar"]
[Result "1/2-1/2"]
[WhiteElo "2415"]
[BlackElo "2205"]
[PlyCount "0"]
[EventDate "2022.08.13"]
[EventRounds "9"]
[EventCountry "CZE"]

1. c4 {[%clk 1:30:44]} Nf6 {[%clk 1:30:48]} 2. Nc3 {[%clk 1:31:06]} g6
{[%clk 1:31:08]} 3. e4 {[%clk 1:31:01]} d6 {[%clk 1:31:32]} 4. d4
{[%clk 1:31:21]} Nbd7 {[%clk 1:31:39]} 5. Nf3 {[%clk 1:31:14]} e5
{[%clk 1:31:49]} 6. Be2 {[%clk 1:31:31]} Bg7 {[%clk 1:32:08]} 7. O-O
{[%clk 1:31:47]} O-O {[%clk 1:32:28]} 8. Qc2 {[%clk 1:32:02]} c6 {[%clk 1:30:51]}
9. Be3 {[%clk 1:31:15]} Qe7 {[%clk 1:31:13]} 10. Rfe1 {[%clk 1:29:40]} exd4
{[%clk 1:31:13]} 11. Bxd4 {[%clk 1:25:15]} Re8 {[%clk 1:31:17]} 12. Rad1
{[%clk 1:23:29]} b6 {[%clk 1:27:09]} 13. Bf1 {[%clk 1:14:49]} Bb7
{[%clk 1:26:25]} 14. e5 {[%clk 1:13:14]} dxe5 {[%clk 1:18:40]} 15. Nxe5
{[%clk 1:13:37]} Nxe5 {[%clk 1:15:26]} 16. Rxe5 {[%clk 1:13:59]} Qc7
{[%clk 1:13:11]} 17. Rxe8+ {[%clk 1:12:30]} Rxe8 {[%clk 1:12:55]} 18. h3
{[%clk 1:12:50]} Rd8 {[%clk 1:03:08]} 19. Be5 {[%clk 1:12:00]} Qe7
{[%clk 1:02:44]} 20. Rxd8+ {[%clk 1:11:53]} Qxd8 {[%clk 1:03:09]} 21. c5
{[%clk 1:11:21]} Qe7 {[%clk 1:00:13]} 22. Bd6 {[%clk 1:11:22]} Qe1
{[%clk 1:00:18]} 23. Qe2 {[%clk 1:10:32]} Qxe2 {[%clk 1:00:14]} 24. Bxe2
{[%clk 1:10:55]} Nd7 {[%clk 0:58:39]} 25. cxb6 {[%clk 1:10:18]} axb6
{[%clk 0:58:38]} 26. a4 {[%clk 1:10:18]} Bd4 {[%clk 0:56:01]} 27. Bc7
{[%clk 1:06:23]} Kf8 {[%clk 0:51:53]} 28. a5 {[%clk 1:00:25]}  1/2-1/2

[Event "Olomouc Chess Summer 2022 - B1"]
[Site "Olomouc (CZE), Hotel Flora"]
[Date "2022.08.15"]
[Round "4"]
[Board "4"]
[White "Poschadel, Andreas Gregor"]
[Black "Jasny, Stanislav"]
[Result "1/2-1/2"]
[WhiteElo "2073"]
[BlackElo "2248"]
[PlyCount "0"]
[EventDate "2022.08.13"]
[EventRounds "9"]
[EventCountry "CZE"]

1. e4 c5 2. Nf3 e6 3. d4 cxd4 4. Nxd4 d6 5. Nc3 a6 6. Be3 Nf6 7. Qd2 b5 8. f3
Nbd7 9. a4 b4 10. Na2 d5 11. Nxb4 dxe4 12. Be2 Bb7 13. O-O Qc7 14. c4 Nc5  1/2-1/2

[Event "Olomouc Chess Summer 2022 - B1"]
[Site "Olomouc (CZE), Hotel Flora"]
[Date "2022.08.15"]
[Round "4"]
[Board "5"]
[White "Stinka, Jakub"]
[Black "Kukelko, Alexey"]
[Result "1/2-1/2"]
[WhiteElo "2329"]
[BlackElo "2260"]
[PlyCount "0"]
[EventDate "2022.08.13"]
[EventRounds "9"]
[EventCountry "CZE"]

1. d4 {[%clk 1:30:57]} Nf6 {[%clk 1:26:43]} 2. Nf3 {[%clk 1:31:05]} e6
{[%clk 1:25:57]} 3. c4 {[%clk 1:30:54]} b6 {[%clk 1:24:52]} 4. a3
{[%clk 1:31:09]} Bb7 {[%clk 1:23:41]} 5. Nc3 {[%clk 1:31:06]} d5 {[%clk 1:23:49]}
6. cxd5 {[%clk 1:31:19]} Nxd5 {[%clk 1:24:08]} 7. e3 {[%clk 1:29:52]} Be7
{[%clk 1:22:35]} 8. Bb5+ {[%clk 1:30:12]} c6 {[%clk 1:21:48]} 9. Bd3
{[%clk 1:30:29]} O-O {[%clk 1:22:01]} 10. Qc2 {[%clk 1:30:33]} h6
{[%clk 1:21:41]} 11. O-O {[%clk 1:30:45]} Nxc3 {[%clk 1:20:19]} 12. bxc3
{[%clk 1:31:01]} c5 {[%clk 1:20:39]} 13. e4 {[%clk 1:29:49]} Qc7 {[%clk 1:18:11]}
14. Qe2 {[%clk 1:30:00]} Rd8 {[%clk 1:17:01]} 15. Bb2 {[%clk 1:29:02]} Nd7
{[%clk 1:10:46]} 16. Nd2 {[%clk 1:26:41]} Bg5 {[%clk 0:36:10]} 17. Rad1
{[%clk 1:16:06]} Rac8 {[%clk 0:29:24]} 18. g3 {[%clk 1:06:38]} Bxd2
{[%clk 0:19:18]} 19. Rxd2 {[%clk 1:01:33]} Qc6 {[%clk 0:18:21]} 20. d5
{[%clk 0:52:14]} exd5 {[%clk 0:15:34]} 21. exd5 {[%clk 0:52:11]} Qd6
{[%clk 0:16:03]} 22. c4 {[%clk 0:45:16]} Re8 {[%clk 0:16:22]} 23. Qg4
{[%clk 0:33:45]} Ne5 {[%clk 0:12:50]} 24. Qf4 {[%clk 0:33:23]} Qe7
{[%clk 0:05:41]} 25. Bf5 {[%clk 0:25:09]} Rcd8 {[%clk 0:05:39]} 26. Rdd1
{[%clk 0:23:44]} Qf6 {[%clk 0:05:06]} 27. Ba1 {[%clk 0:16:15]} Bc8
{[%clk 0:02:08]} 28. Bxc8 Rxc8 29. Qxf6 {[%clk 0:11:49]} gxf6 {[%clk 0:03:08]}
30. Bxe5 {[%clk 0:12:12]} Rxe5 {[%clk 0:01:26]} 31. Rfe1 {[%clk 0:11:39]} Kf8
{[%clk 0:00:41]} 32. f4 {[%clk 0:10:48]} Rxe1+ {[%clk 0:00:37]} 33. Rxe1
{[%clk 0:11:17]} Rb8 {[%clk 0:00:33]} 34. a4 {[%clk 0:11:16]} a6 {[%clk 0:01:00]}
35. Rb1 Ke7 36. Kf2 {[%clk 0:04:47]} Kd6 {[%clk 0:01:55]} 37. Ke3
{[%clk 0:05:05]} f5 {[%clk 0:01:28]} 38. Kd3 {[%clk 0:05:22]} b5 {[%clk 0:00:32]}
39. axb5 {[%clk 0:04:29]} axb5 {[%clk 0:01:01]} 40. Rxb5 {[%clk 0:03:58]} Rxb5
{[%clk 0:01:30]} 41. cxb5 {[%clk 0:04:26]} Kxd5 {[%clk 0:01:59]} 42. Kc3
{[%clk 0:04:06]} f6 {[%clk 0:02:28]} 43. h3 {[%clk 0:04:01]} h5 {[%clk 0:00:34]}
44. h4 {[%clk 0:04:06]} Ke6 {[%clk 0:00:40]} 45. Kc4 {[%clk 0:27:29]} Kd6
{[%clk 0:29:58]} 46. b6 {[%clk 0:27:42]} Kc6 {[%clk 0:30:26]} 47. b7
{[%clk 0:28:08]} Kxb7 {[%clk 0:30:53]} 48. Kxc5 {[%clk 0:28:33]} Kc7
{[%clk 0:31:22]} 49. Kd5 Kd7  1/2-1/2

[Event "Olomouc Chess Summer 2022 - B1"]
[Site "Olomouc (CZE), Hotel Flora"]
[Date "2022.08.16"]
[Round "5"]
[Board "2"]
[White "Jasny, Stanislav"]
[Black "Stinka, Jakub"]
[Result "1/2-1/2"]
[WhiteElo "2248"]
[BlackElo "2329"]
[PlyCount "0"]
[EventDate "2022.08.13"]
[EventRounds "9"]
[EventCountry "CZE"]

1. d4 {[%clk 1:30:47]} Nf6 {[%clk 1:30:40]} 2. c4 {[%clk 1:31:09]} e6
{[%clk 1:31:03]} 3. Nc3 {[%clk 1:30:47]} d5 {[%clk 1:31:09]} 4. Bg5
{[%clk 1:30:35]} Be7 {[%clk 1:30:51]} 5. e3 {[%clk 1:30:56]} Nbd7
{[%clk 1:29:30]} 6. Nf3 {[%clk 1:31:10]} h6 {[%clk 1:29:38]} 7. Bh4
{[%clk 1:31:32]} O-O {[%clk 1:29:58]} 8. Qc2 {[%clk 1:30:36]} c5 {[%clk 1:29:11]}
9. cxd5 {[%clk 1:29:47]} Nxd5 {[%clk 1:29:23]} 10. Bxe7 {[%clk 1:30:09]} Qxe7
{[%clk 1:29:38]} 11. Nxd5 {[%clk 1:30:07]} exd5 {[%clk 1:30:05]} 12. dxc5
{[%clk 1:30:17]} Nxc5 {[%clk 1:30:27]} 13. Be2 {[%clk 1:30:29]}  1/2-1/2

[Event "Olomouc Chess Summer 2022 - B1"]
[Site "Olomouc (CZE), Hotel Flora"]
[Date "2022.08.16"]
[Round "5"]
[Board "3"]
[White "Gimenez Menchon, Cesar"]
[Black "Poschadel, Andreas Gregor"]
[Result "0-1"]
[WhiteElo "2205"]
[BlackElo "2073"]
[PlyCount "0"]
[EventDate "2022.08.13"]
[EventRounds "9"]
[EventCountry "CZE"]

1. e4 {[%clk 1:29:35]} c6 {[%clk 1:30:53]} 2. d4 {[%clk 1:29:21]} d5
{[%clk 1:31:14]} 3. Nd2 {[%clk 1:29:29]} dxe4 {[%clk 1:31:38]} 4. Nxe4
{[%clk 1:29:54]} Nf6 {[%clk 1:32:00]} 5. Nxf6+ {[%clk 1:30:18]} exf6
{[%clk 1:32:29]} 6. c3 {[%clk 1:29:46]} Bd6 {[%clk 1:32:49]} 7. Bd3
{[%clk 1:28:54]} Na6 {[%clk 1:32:57]} 8. Ne2 {[%clk 1:24:52]} Nc7
{[%clk 1:31:54]} 9. O-O {[%clk 1:22:27]} Kf8 {[%clk 1:26:47]} 10. Bf4
{[%clk 1:14:27]} Nd5 {[%clk 1:26:29]} 11. Bxd6+ {[%clk 1:13:43]} Qxd6
{[%clk 1:26:57]} 12. Qd2 {[%clk 1:11:36]} h5 {[%clk 1:23:41]} 13. c4
{[%clk 1:05:12]} Nc7 {[%clk 1:22:36]} 14. Rad1 {[%clk 1:03:27]} g6
{[%clk 1:20:19]} 15. Rfe1 {[%clk 1:01:54]} Kg7 {[%clk 1:17:49]} 16. c5
{[%clk 0:52:20]} Qd8 {[%clk 1:15:53]} 17. Nf4 {[%clk 0:52:04]} g5
{[%clk 1:03:03]} 18. Ne2 {[%clk 0:52:27]} h4 {[%clk 1:03:22]} 19. Bc2
{[%clk 0:40:44]} h3 {[%clk 0:56:55]} 20. Ng3 {[%clk 0:35:30]} Nd5
{[%clk 0:47:21]} 21. Ne4 {[%clk 0:27:24]} hxg2 {[%clk 0:41:15]} 22. Nd6
{[%clk 0:27:11]} Bg4 {[%clk 0:32:04]} 23. Be4 {[%clk 0:24:31]} Nf4
{[%clk 0:25:34]} 24. Bxg2 {[%clk 0:20:01]} Qd7 {[%clk 0:14:09]} 25. Re3
{[%clk 0:18:30]} Rh4 {[%clk 0:11:10]} 26. Rde1 {[%clk 0:14:45]} Be6
{[%clk 0:09:27]} 27. Rg3 {[%clk 0:10:55]} Rah8 {[%clk 0:07:39]} 28. Re4
{[%clk 0:11:19]} Kf8 {[%clk 0:05:59]} 29. a4 {[%clk 0:11:01]} Rxh2
{[%clk 0:02:38]} 30. Rxf4 {[%clk 0:11:23]} gxf4 {[%clk 0:03:06]} 31. Qxf4
{[%clk 0:11:33]} R2h6 {[%clk 0:02:10]} 32. b4 {[%clk 0:11:04]} Ke7
{[%clk 0:01:27]} 33. b5 {[%clk 0:10:20]} Rh4 {[%clk 0:00:40]} 34. Qe3
{[%clk 0:10:31]} Kf8 {[%clk 0:00:36]} 35. Qc3 {[%clk 0:07:41]} Bd5
{[%clk 0:00:37]} 36. Bxd5 {[%clk 0:07:02]} cxd5 37. c6 {[%clk 0:05:04]} Qxd6
{[%clk 0:00:33]} 38. c7 {[%clk 0:05:05]} Rh1+ {[%clk 0:00:33]} 39. Kg2
{[%clk 0:05:31]} R8h2+ {[%clk 0:00:33]} 40. Kf3 {[%clk 0:05:57]} Rxf2+
{[%clk 0:00:34]} 41. Kxf2 {[%clk 0:06:06]} Qf4+ {[%clk 0:26:04]} 42. Ke2
{[%clk 0:32:24]} Qe4+ {[%clk 0:06:18]} 43. Qe3 {[%clk 0:20:57]} Qc2+
{[%clk 0:06:14]} 44. Kf3 {[%clk 0:21:02]} Rf1+ {[%clk 0:06:23]} 45. Kg4
{[%clk 0:21:23]} Qf5+ {[%clk 0:06:46]} 46. Kh4 {[%clk 0:21:38]} Rh1+
{[%clk 0:07:09]} 47. Rh3 {[%clk 0:22:01]} Rxh3+ {[%clk 0:07:37]}  0-1